<?xml version="1.0" encoding="UTF-8"?>
<record
    xmlns:xsi="http://www.w3.org/2001/XMLSchema-instance"
    xsi:schemaLocation="http://www.loc.gov/MARC21/slim http://www.loc.gov/standards/marcxml/schema/MARC21slim.xsd"
    xmlns="http://www.loc.gov/MARC21/slim">

  <leader>02457cam a22003495a 4500</leader>
  <controlfield tag="001">014627660</controlfield>
  <controlfield tag="003">Uk</controlfield>
  <controlfield tag="005">20160811155758.0</controlfield>
  <controlfield tag="008">080425s2009    gw a   frb    001 0 eng d</controlfield>
  <datafield tag="010" ind1=" " ind2=" ">
    <subfield code="a">2008925341</subfield>
  </datafield>
  <datafield tag="015" ind1=" " ind2=" ">
    <subfield code="a">GBA871592</subfield>
    <subfield code="2">bnb</subfield>
  </datafield>
  <datafield tag="016" ind1="7" ind2=" ">
    <subfield code="a">014627660</subfield>
    <subfield code="2">Uk</subfield>
  </datafield>
  <datafield tag="020" ind1=" " ind2=" ">
    <subfield code="a">9783540777816 (hbk.) </subfield>
  </datafield>
  <datafield tag="020" ind1=" " ind2=" ">
    <subfield code="a">3540777814 (hbk.) </subfield>
  </datafield>
  <datafield tag="040" ind1=" " ind2=" ">
    <subfield code="a">StDuBDS</subfield>
    <subfield code="b">eng</subfield>
    <subfield code="c">StDuBDS</subfield>
    <subfield code="d">EG-ScBUE </subfield>
  </datafield>
  <datafield tag="082" ind1="0" ind2="4">
    <subfield code="2">22</subfield>
    <subfield code="a">617.695</subfield>
    <subfield code="b">SCH</subfield>
  </datafield>
  <datafield tag="100" ind1="1" ind2=" ">
    <subfield code="a">Schmalz, Gottfried.</subfield>
    <subfield code="9">40744</subfield>
  </datafield>
  <datafield tag="245" ind1="1" ind2="0">
    <subfield code="a">Biocompatibility of dental materials /</subfield>
    <subfield code="c">Gottfried Schmalz, Dorthe Arenholt-Bindslev.</subfield>
  </datafield>
  <datafield tag="260" ind1=" " ind2=" ">
    <subfield code="a">Berlin :</subfield>
    <subfield code="b">Springer-Verlage,</subfield>
    <subfield code="c">c.2009.</subfield>
  </datafield>
  <datafield tag="300" ind1=" " ind2=" ">
    <subfield code="a">xvi, 379 p. :</subfield>
    <subfield code="b">ill. ;</subfield>
    <subfield code="c">27 cm.</subfield>
  </datafield>
  <datafield tag="500" ind1=" " ind2=" ">
    <subfield code="a">Index : p. 367-379.</subfield>
  </datafield>
  <datafield tag="504" ind1=" " ind2=" ">
    <subfield code="a">Includes bibliographical references.</subfield>
  </datafield>
  <datafield tag="505" ind1=" " ind2=" ">
    <subfield code="a">Basic aspects / G. Schmalz and D. Arenholt-Bindslev -- Determination of biocompatibility / G. Schmalz -- Regulations and standards / G. Schmalz and P.L. Fan -- Dental amalgam / D. Arenholt-Bindslev and P. H&#xF8;rsted-Bindslev -- Resin-based composites / G. Schmalz -- Cements and ceramics. Introduction / G. Schmalz ; Zinc phosphate cements / H. Stanley ; Glass ionomer cements / G. Schmalz ; Zinc oxide and eugenol cements / G. Schmalz and B. Thonemann ; Calcium hydroxide cements / H. Stanley and B. Thonemann -- Root canal filling materials / G. Schmalz -- Dental alloys / J.C. Wataha and G. Schmalz --Polymethylmethacrylate resins / W. Geurtsen -- Oral hygiene products / A. Richards -- Materials for short-term application in the oral cavity / G. Schmalz -- Occupational exposures / A. Hensten and N. Jacobsen -- Environmental aspects / D. Arenholt-Bindslev -- Diagnosis of side effects of dental materials, with special emphasis on delayed and immediate allergic reactions / D. Arenholt-Bindslev, R. Jolanki and L. Kanerva.</subfield>
  </datafield>
  <datafield tag="520" ind1=" " ind2=" ">
    <subfield code="a">Offers a comprehensive overview of the biocompatibility of dental materials. This book presents concepts of biocompatibility assessment as well as information on almost various material groups used in dentistry practice. It covers topics of clinical relevance (eg, environmental and occupational hazards and the diagnosis of adverse effects).</subfield>
  </datafield>
  <datafield tag="650" ind1=" " ind2="7">
    <subfield code="a"> Dental materials </subfield>
    <subfield code="x">Biocompatibility.</subfield>
    <subfield code="2">BUEsh</subfield>
    <subfield code="9">40746</subfield>
  </datafield>
  <datafield tag="650" ind1=" " ind2="7">
    <subfield code="a">Dental materials.</subfield>
    <subfield code="9">30155</subfield>
  </datafield>
  <datafield tag="651" ind1=" " ind2=" ">
    <subfield code="2">BUEsh</subfield>
  </datafield>
  <datafield tag="653" ind1=" " ind2=" ">
    <subfield code="b">DDent</subfield>
    <subfield code="c">August 2016	</subfield>
  </datafield>
  <datafield tag="700" ind1="1" ind2=" ">
    <subfield code="a">Arenholt-Bindslev, Dorthe&#x200F;.</subfield>
    <subfield code="9">40745</subfield>
  </datafield>
  <datafield tag="942" ind1=" " ind2=" ">
    <subfield code="2">ddc</subfield>
    <subfield code="e">22</subfield>
    <subfield code="k">617.695 SCH</subfield>
  </datafield>
  <datafield tag="999" ind1=" " ind2=" ">
    <subfield code="c">22172</subfield>
    <subfield code="d">22144</subfield>
  </datafield>
  <datafield tag="952" ind1=" " ind2=" ">
    <subfield code="0">0</subfield>
    <subfield code="1">0</subfield>
    <subfield code="2">ddc</subfield>
    <subfield code="4">0</subfield>
    <subfield code="7">0</subfield>
    <subfield code="8">Academic</subfield>
    <subfield code="a">MAIN</subfield>
    <subfield code="b">MAIN</subfield>
    <subfield code="c">1ST</subfield>
    <subfield code="d">2016-08-11</subfield>
    <subfield code="e">Purchase</subfield>
    <subfield code="g">762.00</subfield>
    <subfield code="h">9126</subfield>
    <subfield code="l">0</subfield>
    <subfield code="o">617.695 SCH</subfield>
    <subfield code="p">000033199</subfield>
    <subfield code="r">2025-07-15 00:00:00</subfield>
    <subfield code="v">952.00</subfield>
    <subfield code="y">BB</subfield>
  </datafield>
</record>
